Теория и практика нефтегеологического прогноза: сборник статей

Podrobná bibliografie
Korporace: Российская академия наук (РАН), Всероссийский нефтяной научно-исследовательский геологоразведочный институт (ВНИГРИ)
Další autoři: Прищепа О. М. (редактор)
Shrnutí:В статьях сборника рассматриваются теоретико-методические и практические вопросы нефтегеологической оценки территорий и акваторий России и мира. Первая часть сборника посвящена различным аспектам ресурсно-геологического и геохимического прогноза разноранговых нефтегазоносных объектов — провинции и областей (нефтегазоносных бассейнов), районов и зон нефтегазонакопления. Вторая — объединяет статьи, в которых показаны результаты разработки некоторых основополагающих составляющих нефтегеологического прогноза применительно к акваториям континентального шельфа и сопредельных глубоководных областей. Сборник представляет интерес для широкого круга специалистов, занимающихся вопросами прогноза нефтегазоносности земных недр, в том числе морских геологов, ведущих поиски месторождений нефти и газа на акваториях России.
Jazyk:ruština
Vydáno: СПб., ВНИГРИ, 2008
Témata:
Médium: MixedMaterials Kniha
KOHA link:https://koha.lib.tpu.ru/cgi-bin/koha/opac-detail.pl?biblionumber=158905

MARC

LEADER 00000nam0a2200000 4500
001 158905
005 20231101222054.0
010 |a 9785889531197 
035 |a (RuTPU)RU\TPU\book\172341 
090 |a 158905 
100 |a 20090429d2008 k y0rusy50 ca 
101 0 |a rus 
102 |a RU 
105 |a a z 001zy 
200 1 |a Теория и практика нефтегеологического прогноза  |e сборник статей  |f Российская академия наук (РАН) ; Всероссийский нефтяной научно-исследовательский геологоразведочный институт (ВНИГРИ) ; под ред. О. М. Прищепа 
210 |a СПб.  |c ВНИГРИ  |d 2008 
215 |a 366 с.  |c ил. 
320 |a Библиогр.: с. 359-363. 
330 |a В статьях сборника рассматриваются теоретико-методические и практические вопросы нефтегеологической оценки территорий и акваторий России и мира. Первая часть сборника посвящена различным аспектам ресурсно-геологического и геохимического прогноза разноранговых нефтегазоносных объектов — провинции и областей (нефтегазоносных бассейнов), районов и зон нефтегазонакопления. Вторая — объединяет статьи, в которых показаны результаты разработки некоторых основополагающих составляющих нефтегеологического прогноза применительно к акваториям континентального шельфа и сопредельных глубоководных областей. Сборник представляет интерес для широкого круга специалистов, занимающихся вопросами прогноза нефтегазоносности земных недр, в том числе морских геологов, ведущих поиски месторождений нефти и газа на акваториях России. 
606 1 |a Нефтяные месторождения  |x Прогноз  |2 stltpush  |3 (RuTPU)RU\TPU\subj\45961  |9 65150 
610 1 |a нефтегеологическое прогнозирование 
610 1 |a нефтегазоносность 
610 1 |a прогнозные ресурсы 
610 1 |a газовые месторождения 
610 1 |a нефтегазонакопление 
610 1 |a акватории 
610 1 |a нефть 
610 1 |a газ 
675 |a 553.982.04  |v 3 
702 1 |a Прищепа  |b О. М.  |4 340 
712 0 2 |a Российская академия наук (РАН)  |2 stltpush  |3 (RuTPU)RU\TPU\col\51 
712 0 2 |a Всероссийский нефтяной научно-исследовательский геологоразведочный институт (ВНИГРИ)  |c (Санкт-Петербург)  |c (1991- )  |2 stltpush  |3 (RuTPU)RU\TPU\col\10384 
801 1 |a RU  |b 63413507  |c 20090429  |g PSBO 
801 2 |a RU  |b 63413507  |c 20211026  |g RCR 
942 |c BK 
959 |a 56/20090428  |d 1  |e 900,00  |f ЧЗТЛ:1